000 02052cam a2200349 a 4500
001 16627944
005 20111012185209.0
008 110128s2012 nyua |rb 001 0 eng
010 _a 2011001464
020 _a0071086226 (pbk. : acidfree paper)
020 _a9780071086226 (pbk. : acidfree paper)
040 _aDLC
_cDLC
_dDLC
042 _apcc
050 0 0 _aGV706.4
_b.C69 2012
082 0 0 _a796.01
_222
_bCOX
084 _aEDU033000
_2bisacsh
100 1 _aCox, Richard H.,
_d1941-
_928435
245 1 0 _aSport Psychology :
_bConcepts and Applications /
_cRichard H. Cox.
250 _a7th ed.
260 _aNew York :
_bMcGraw-Hill,
_c2012.
300 _axii, 564 p. :
_bill. ;
_c24 cm.
504 _aIncludes bibliographical references (p. 492-539) and indexes.
520 _a"Sport Psychology: Concepts and Applications shows how concepts supported by current scientific research can be used to address issues and situations encountered everyday by physical activity specialists, coaches, athletic trainers, and athletes. This introduction to sport and exercise psychology addresses practical issues, such as dealing with anxiety, arousal, and stress; developing coping, relaxation, motivation, and energizing strategies; understanding the effects of an audience on human performance; building team cohesion; and preventing burnout and other negative effects"--
650 0 _aSports
_xPsychological aspects.
_928436
650 0 _aCoaching (Athletics)
_xPsychological aspects.
_928437
650 0 _aAthletes
_xPsychology.
_928438
650 7 _aEDUCATION / Physical Education
_2bisacsh.
_928439
653 _bGeneral
_cJanuary2012
942 _2ddc
_cBB
999 _c16343
_d16343